<?xml version="1.0" encoding="UTF-8"?>
<record
    xmlns:xsi="http://www.w3.org/2001/XMLSchema-instance"
    xsi:schemaLocation="http://www.loc.gov/MARC21/slim http://www.loc.gov/standards/marcxml/schema/MARC21slim.xsd"
    xmlns="http://www.loc.gov/MARC21/slim">

  <leader>00258nam a22001217a 4500</leader>
  <datafield tag="040" ind1=" " ind2=" ">
    <subfield code="c">SK</subfield>
  </datafield>
  <datafield tag="082" ind1=" " ind2=" ">
    <subfield code="a">174</subfield>
  </datafield>
  <datafield tag="100" ind1=" " ind2=" ">
    <subfield code="a">DUK CHHENG</subfield>
  </datafield>
  <datafield tag="245" ind1=" " ind2=" ">
    <subfield code="a">&#x17A2;&#x17C6;&#x1794;&#x17D2;&#x179A;&#x17CA;&#x17B8;&#x1799;&#x17C9;&#x17BC;&#x179C;&#x17B7;&#x1791;&#x17D2;&#x1799;&#x17B6;</subfield>
  </datafield>
  <datafield tag="260" ind1=" " ind2=" ">
    <subfield code="a">RUA</subfield>
    <subfield code="b">DUK</subfield>
    <subfield code="c">2016</subfield>
  </datafield>
  <datafield tag="300" ind1=" " ind2=" ">
    <subfield code="a">110p.</subfield>
  </datafield>
  <datafield tag="942" ind1=" " ind2=" ">
    <subfield code="c">KB</subfield>
  </datafield>
  <datafield tag="999" ind1=" " ind2=" ">
    <subfield code="c">10839</subfield>
    <subfield code="d">10839</subfield>
  </datafield>
  <datafield tag="952" ind1=" " ind2=" ">
    <subfield code="0">0</subfield>
    <subfield code="1">0</subfield>
    <subfield code="4">0</subfield>
    <subfield code="6">174_000000000000000_DUK_2016_C023_OR_1</subfield>
    <subfield code="7">0</subfield>
    <subfield code="9">56691</subfield>
    <subfield code="a">LBC</subfield>
    <subfield code="b">LBC</subfield>
    <subfield code="c">C023</subfield>
    <subfield code="d">2016-11-10</subfield>
    <subfield code="o">174 DUK 2016 C023 Or.1</subfield>
    <subfield code="p">A04354</subfield>
    <subfield code="r">2016-11-10</subfield>
    <subfield code="y">KB</subfield>
  </datafield>
  <datafield tag="952" ind1=" " ind2=" ">
    <subfield code="0">0</subfield>
    <subfield code="1">0</subfield>
    <subfield code="4">0</subfield>
    <subfield code="6">174_000000000000000_DUK_2016_C023_OR_2</subfield>
    <subfield code="7">0</subfield>
    <subfield code="9">56692</subfield>
    <subfield code="a">LBC</subfield>
    <subfield code="b">LBC</subfield>
    <subfield code="c">C023</subfield>
    <subfield code="d">2016-11-10</subfield>
    <subfield code="o">174 DUK 2016 C023 Or.2</subfield>
    <subfield code="p">A03524</subfield>
    <subfield code="r">2016-11-10</subfield>
    <subfield code="y">KB</subfield>
  </datafield>
  <datafield tag="952" ind1=" " ind2=" ">
    <subfield code="0">0</subfield>
    <subfield code="1">0</subfield>
    <subfield code="4">0</subfield>
    <subfield code="6">174_000000000000000_DUK_2016_C023_OR_3</subfield>
    <subfield code="7">0</subfield>
    <subfield code="9">56693</subfield>
    <subfield code="a">LBC</subfield>
    <subfield code="b">LBC</subfield>
    <subfield code="c">C023</subfield>
    <subfield code="d">2016-11-10</subfield>
    <subfield code="l">1</subfield>
    <subfield code="o">174 DUK 2016 C023 Or.3</subfield>
    <subfield code="p">A03373</subfield>
    <subfield code="r">2019-07-16</subfield>
    <subfield code="s">2017-01-16</subfield>
    <subfield code="y">KB</subfield>
  </datafield>
  <datafield tag="952" ind1=" " ind2=" ">
    <subfield code="0">0</subfield>
    <subfield code="1">0</subfield>
    <subfield code="4">0</subfield>
    <subfield code="6">174_000000000000000_DUK_2016_C023_OR_4</subfield>
    <subfield code="7">0</subfield>
    <subfield code="9">56694</subfield>
    <subfield code="a">LBC</subfield>
    <subfield code="b">LBC</subfield>
    <subfield code="c">C023</subfield>
    <subfield code="d">2016-11-10</subfield>
    <subfield code="o">174 DUK 2016 C023 Or.4</subfield>
    <subfield code="p">A03316</subfield>
    <subfield code="r">2016-11-10</subfield>
    <subfield code="y">KB</subfield>
  </datafield>
  <datafield tag="952" ind1=" " ind2=" ">
    <subfield code="0">0</subfield>
    <subfield code="1">0</subfield>
    <subfield code="4">0</subfield>
    <subfield code="6">174_000000000000000_DUK_2016_C023_OR_5</subfield>
    <subfield code="7">0</subfield>
    <subfield code="9">56695</subfield>
    <subfield code="a">LBC</subfield>
    <subfield code="b">LBC</subfield>
    <subfield code="c">C023</subfield>
    <subfield code="d">2016-11-10</subfield>
    <subfield code="l">1</subfield>
    <subfield code="o">174 DUK 2016 C023 Or.5</subfield>
    <subfield code="p">A03690</subfield>
    <subfield code="r">2017-01-25</subfield>
    <subfield code="s">2017-01-10</subfield>
    <subfield code="y">KB</subfield>
  </datafield>
  <datafield tag="952" ind1=" " ind2=" ">
    <subfield code="0">0</subfield>
    <subfield code="1">0</subfield>
    <subfield code="4">0</subfield>
    <subfield code="6">174_000000000000000_DUK_2016_C023_OR_6</subfield>
    <subfield code="7">0</subfield>
    <subfield code="9">56696</subfield>
    <subfield code="a">LBC</subfield>
    <subfield code="b">LBC</subfield>
    <subfield code="c">C023</subfield>
    <subfield code="d">2016-11-10</subfield>
    <subfield code="l">1</subfield>
    <subfield code="o">174 DUK 2016 C023 Or.6</subfield>
    <subfield code="p">A03986</subfield>
    <subfield code="r">2017-02-09</subfield>
    <subfield code="s">2017-01-27</subfield>
    <subfield code="y">KB</subfield>
  </datafield>
  <datafield tag="952" ind1=" " ind2=" ">
    <subfield code="0">0</subfield>
    <subfield code="1">0</subfield>
    <subfield code="4">0</subfield>
    <subfield code="6">174_000000000000000_DUK_2016_C023_OR_7</subfield>
    <subfield code="7">0</subfield>
    <subfield code="9">56697</subfield>
    <subfield code="a">LBC</subfield>
    <subfield code="b">LBC</subfield>
    <subfield code="c">C023</subfield>
    <subfield code="d">2016-11-10</subfield>
    <subfield code="l">2</subfield>
    <subfield code="o">174 DUK 2016 C023 Or.7</subfield>
    <subfield code="p">A03867</subfield>
    <subfield code="r">2017-02-20</subfield>
    <subfield code="s">2017-02-09</subfield>
    <subfield code="y">KB</subfield>
  </datafield>
  <datafield tag="952" ind1=" " ind2=" ">
    <subfield code="0">0</subfield>
    <subfield code="1">0</subfield>
    <subfield code="4">0</subfield>
    <subfield code="6">174_000000000000000_DUK_2016_C023_OR</subfield>
    <subfield code="7">0</subfield>
    <subfield code="9">96682</subfield>
    <subfield code="a">LBC</subfield>
    <subfield code="b">LBC</subfield>
    <subfield code="c">C023</subfield>
    <subfield code="d">2023-12-07</subfield>
    <subfield code="o">174 DUK 2016 C023 Or.</subfield>
    <subfield code="p">A075151</subfield>
    <subfield code="r">2023-12-07</subfield>
    <subfield code="w">2023-12-07</subfield>
    <subfield code="y">KB</subfield>
  </datafield>
</record>
